BIBLIOTECA

SENCICO

Distrito de San Miguel / (Registro nro. 3017)

Detalles MARC
000 -LEADER
fixed length control field 01212nam a2200313Ia 4500
003 - CONTROL NUMBER IDENTIFIER
control field PE SENCICO BE
005 - DATE AND TIME OF LATEST TRANSACTION
control field 20251020182600.0
008 - FIXED-LENGTH DATA ELEMENTS--GENERAL INFORMATION
fixed length control field 200515s9999 xx 000 0 und d
020 ## - INTERNATIONAL STANDARD BOOK NUMBER
International Standard Book Number 978-612-45705-4-4
040 ## - CATALOGING SOURCE
Original cataloging agency PE SENCICO BE
Transcribing agency PE SENCICO BE
041 ## - LANGUAGE CODE
Language code of text/sound track or separate title spa
082 ## - DEWEY DECIMAL CLASSIFICATION NUMBER
Classification number 985
Item number T18
100 1# - MAIN ENTRY--PERSONAL NAME
9 (RLIN) 1383
Personal name Tamayo San Román, Augusto
Relator term autor
245 10 - TITLE STATEMENT
Title Distrito de San Miguel /
Statement of responsibility, etc. Augusto Tamayo San Román
250 ## - EDITION STATEMENT
Edition statement 1a ed.
260 ## - PUBLICATION, DISTRIBUTION, ETC.
Place of publication, distribution, etc. Lima :
Name of publisher, distributor, etc. Argos productos editoriales,
Date of publication, distribution, etc. 2012
300 ## - PHYSICAL DESCRIPTION
Extent 181 páginas :
Other physical details ilustracionea a color, láminas ;
Dimensions 31 cm.
505 0# - FORMATTED CONTENTS NOTE
Formatted contents note Ubicación geográfica -- Historia -- Hitos monumentales e históricos -- La Feria del Pacífico -- La Universidad Católica -- El Parque de las Leyendas -- Zona comercial del distrito -- Servicios municipales -- Alcaldes del distrito.
650 10 - SUBJECT ADDED ENTRY--TOPICAL TERM
Topical term or geographic name entry element Historia
9 (RLIN) 707
650 20 - SUBJECT ADDED ENTRY--TOPICAL TERM
Topical term or geographic name entry element Comercio
9 (RLIN) 1490
650 20 - SUBJECT ADDED ENTRY--TOPICAL TERM
Topical term or geographic name entry element Parques urbanos
9 (RLIN) 1474
650 20 - SUBJECT ADDED ENTRY--TOPICAL TERM
Topical term or geographic name entry element Monumentos históricos
9 (RLIN) 653
650 20 - SUBJECT ADDED ENTRY--TOPICAL TERM
Topical term or geographic name entry element Restaurantes
9 (RLIN) 66
650 20 - SUBJECT ADDED ENTRY--TOPICAL TERM
Topical term or geographic name entry element Centros comerciales
9 (RLIN) 880
650 20 - SUBJECT ADDED ENTRY--TOPICAL TERM
Topical term or geographic name entry element Clínicas
9 (RLIN) 1491
650 20 - SUBJECT ADDED ENTRY--TOPICAL TERM
Topical term or geographic name entry element Universidades y escuelas superiores
9 (RLIN) 1492
651 10 - SUBJECT ADDED ENTRY--GEOGRAPHIC NAME
9 (RLIN) 1489
Geographic name San Miguel, Lima (Perú : Distrito)
942 ## - ADDED ENTRY ELEMENTS (KOHA)
Koha item type Libros
Source of classification or shelving scheme Dewey Decimal Classification
Existencias
Fecha de la última vez que lo usaron Número de ingreso o de inventario Pago total Signatura topográfica completa Precio efectivo desde Tipo de documento Estado perdido Sistema de clasificación Estado dañado No es para préstamo Retirado Ubicación permanente Ubicación actual Fecha de adquisición Fuente de adquisición
06/09/2023 16647   985/T18 06/09/2023 Libros   Dewey Decimal Classification       Biblioteca Central Lima Biblioteca Central Lima 14/08/2023 Comprado de la librería Megabook